000 00264nam a2200109Ia 4500
001 1265133
005 20260417142018.0
008 260417s9999 xx 000 0 und d
020 _a9786051418537
245 0 _aToprak
_cBuket Uzuner
260 _bEverest Yayınları
999 _c1265133
_d1265133